Quizzes
Events
Quiz Creation
Community
Videos
Private Events
Remove Ads
Sign In
Join for FREE
Feedback
Dark Mode
Quiz Categories
Sports
Geography
Music
Movies
Television
Just For Fun
Miscellaneous
History
Literature
Language
Science
Gaming
Entertainment
Religion
Holiday
For Kids
Quiz Lab
Recent
Popular Today
Quiz Kudos Today
Editor Picks
Curator Picks
Quizzes by...
Day
Popularity
Type
Ratings
Length
Year
Community
Subscriptions
Recent Discussions
Orange Saloon
Badges
Playlists
Quests
Create
Leaderboards
Showdown
Live 5
Trivia Bingo
Activity
Puzzle Library
Sporcle Events
Private Events
Virtual Trivia
Globe League
Become a Host
Pub Owners
SporcleCon
Opinionation
Our Games
Videos
Blog
Mobile Apps
Partnerships
Remove Ads and Go Orange
Feedback
Movies
Disney
Marvel Cinematic Universe
Movie Resume
Movie Titles
Oscar
Actor
Actress
Director
Pixar
Role
Movie Quotes
Movie Characters
Box Office
Nominee
Best Picture
Star Wars
James Bond
Horror Movies
Movies
Disney
Marvel Cinematic Universe
Movie Resume
Movie Titles
Oscar
Actor
Actress
Director
Pixar
Role
Movie Quotes
Movie Characters
Box Office
Nominee
Best Picture
Star Wars
James Bond
Horror Movies
Random Quiz
Search Sporcle
×
Quiz Lab
Quiz Lab
Movies
Quote
Type in answers that appear in a list
Type in answers that appear in a list
Classic
Best Score? Go Orange.
Rob Gordon's Breakup Monologue: Part 4 Stats
Can you quote Rob Gordon's Breakup Monologue about breakup #3 from 'High Fidelity'
By
pinkplumeria
10m
198 Questions
22 Plays
22 Plays
22 Plays
Comments
Comments
Give Quiz Kudos
Give Quiz Kudos
-
- Ratings
hide this ad
Replay
Link that replays current quiz
Next Quiz
Link to next quiz in quiz playlist
You Got
0%
They Got
Avg Score
67%
Avg Friend Score
Upgrade to see
Score Distribution
Jump to the score distribution portion of the page
Score
0/198
Timer
10:00
0
Plays Today
% Correct
the
100%
the
100%
The
100%
I
90.9%
I
90.9%
I
90.9%
I
90.9%
I
90.9%
I
90.9%
I
90.9%
I
90.9%
I
90.9%
I
90.9%
I
90.9%
in
86.4%
of
86.4%
of
86.4%
to
86.4%
to
86.4%
to
86.4%
and
86.4%
And
86.4%
a
86.4%
and
86.4%
and
86.4%
And
86.4%
a
86.4%
And
86.4%
me.
86.4%
me.
86.4%
me.
86.4%
for
86.4%
and
86.4%
a
86.4%
a
86.4%
me?
86.4%
a
86.4%
of
86.4%
and
86.4%
And
86.4%
a
86.4%
And
86.4%
in
86.4%
and
86.4%
me
86.4%
for
86.4%
of
86.4%
me
86.4%
for
86.4%
of
86.4%
she
81.8%
was
81.8%
was
81.8%
she
81.8%
was
81.8%
She
81.8%
was
81.8%
she
81.8%
was
81.8%
she
81.8%
she
81.8%
she
81.8%
she
81.8%
she
81.8%
She
81.8%
She
81.8%
% Correct
she
81.8%
out
81.8%
would
81.8%
like
81.8%
out
81.8%
like
81.8%
like
81.8%
one
81.8%
was
81.8%
be
81.8%
was
81.8%
she
81.8%
was
81.8%
one
81.8%
she
81.8%
one
81.8%
her,
77.3%
We
77.3%
with
77.3%
her
77.3%
them.
77.3%
them.
77.3%
all
72.7%
time
72.7%
breakup
72.7%
list?
72.7%
girl
72.7%
when
72.7%
liked
72.7%
liked
72.7%
liked
72.7%
At
72.7%
did.
72.7%
girl,
72.7%
woman
72.7%
go
72.7%
who
72.7%
at
72.7%
my
72.7%
left
72.7%
year
68.2%
said
68.2%
went
68.2%
Why
68.2%
no,
68.2%
those
68.2%
said
68.2%
gonna
68.2%
Then
68.2%
Number
63.6%
three
63.6%
Charlie
63.6%
college.
63.6%
As
63.6%
as
63.6%
I'd
63.6%
things
63.6%
think
63.6%
never
63.6%
Charlie
63.6%
their
63.6%
I'd
63.6%
as
63.6%
leave
63.6%
top
59.1%
five
59.1%
% Correct
Nicholson.
59.1%
saw
59.1%
kind
59.1%
ever
59.1%
enough
59.1%
want
59.1%
two
59.1%
felt
59.1%
felt
59.1%
been
59.1%
any
59.1%
men
59.1%
about
54.5%
least,
54.5%
years
54.5%
got
54.5%
always
54.5%
second.
54.5%
about
54.5%
by
54.5%
wanted
50%
old
50%
fraud.
50%
they'd
50%
since
45.5%
girls.
45.5%
mean,
45.5%
talked
45.5%
lot
45.5%
talked
45.5%
music,
45.5%
talked
45.5%
lot.
45.5%
people
45.5%
soon
40.9%
interesting
40.9%
heads
40.9%
sure
40.9%
other
40.9%
convinced
40.9%
dreaded
40.9%
Marco...
40.9%
meet
36.4%
meet
36.4%
politics.
36.4%
suddenly
36.4%
shave
36.4%
punks.
36.4%
discovered
36.4%
worried
36.4%
abilities
36.4%
lover.
36.4%
intimidated
36.4%
design
36.4%
36.4%
Sophomore
31.8%
realized
31.8%
different.
31.8%
exotic.
31.8%
comfortable.
31.8%
became
31.8%
books,
27.3%
film
27.3%
department
22.7%
dramatic
13.6%
remarkably
13.6%
Quiz Playlist
Details
Report
Send in Message
Add To Playlist
Classic:
Type in answers that appear in a list
Quiz Source
Last Updated: Jul 1, 2017
Quiz Scoreboard
CHALLENGE
Sign Up to Join the Scoreboard
Show All
Scores
Hide
Comments
May contain spoilers
Recently Published
Billboard Blitz: Fleetwood Mac
by CooCooCachoo
Music
15s
Presidents Visiting Landmarks
by Hejman
History
7m
An Introduction to Baseball
by treessimontrees
Sports
5m
More to Explore
Quiz From the Vault
Featured Blog Post
Where Did the Easter Bunny Come From?
hide this ad
You Might Also Like...
Tags
Quote Quiz
gordon
monologue
rob
Today's Top Quizzes in Movies
Browse Movies
hide this ad
Today's Top Quizzes in Quote
Browse Quote
Top Contributed Quizzes in Movies
1
Pick 5 Posters: Directed by Spielberg
2
7-to-1: Pixar Characters
3
Pick 5 Posters: Lowest-Rated Spielberg
4
Pick 5 Posters: Directed by Scorsese
5
Sorting Actors
6
Sorting Actresses
7
Pick 5 Posters: Star & Director
8
Pick 5 Posters: Women Directed 2020s
9
12 Movies about Fictional 1960s Events
10
Multi-Oscar Nominations, One Movie, One Winner
Explore More
Trending Topics
NBA
Harry Potter
Marvel
Crossword
Disney
Anime
Kpop
Pokémon
NFL
Song
Country
WWE
The Office
Soccer
Puzzle
hide this ad
More By:
pinkplumeria
Quiz
Plays
Rating
Category
Featured
Created
Star Wars: Princess Leia Plea
93,527
4.74
Movies
Aug 31, 2010
Disneyland's Haunted Mansion Script
23,188
4.69
Entertainment
Nov 1, 2010
Walt Disney World Resort Hotels
9,756
4.58
Miscellaneous
Feb 7, 2010
Stranger Things: Chapter One - Start to Finish
8,026
5.00
Television
Nov 9, 2017
Figure Out the Lyrics VII
4,419
4.16
Music
Aug 18, 2010
Go to Creator's Profile
Score Distribution
Quiz Creator Spotlight
pinkplumeria
Follow
Send a Message
Quizzes Created
-
Created Quiz Play Count
-
More By This Creator
Popular Quizzes Today
1
Find the US States - No Outlines Minefield
2
Find the Countries of Europe - No Outlines Minefield
3
The Countries of the World
4
Find the US States
5
US States
6
Popular People in 1961
7
Risky Map Clicking: Biggest States A-Z
8
Movies - When Are They Set?
More Movies Quizzes
Pixar/Disney films by Ratzenberger/Tudyk roles
Curator's Pick
Trending Quizzes
Risky Map Clicking: Least Populous States A-Z
1-10 Letter G Words
1-10 Letter F Words
Risky Map Clicking: Next State Alphabetically
'A' Boys' Names Grid
Recently Updated
Leaping Animals
pecheneg
Reality TV Shows (A-Z)
bhenderson79
Rickey Henderson's Hall of Fame Teammates
pecheneg
Champions League XIs: Arsenal
pecheneg
Quick Pick: Celebrities in WWE's Hall of Fame
aduchscher
A-Z Keypad Blitz II
pecheneg
Multiple Oscar Actors
pecheneg
Mystery Phrase Blitz: Oscar 'Best Actors'
pecheneg
F. Scott Fitzgerald Novels
LTH
Pick 3 Villains
ddd62291
Trending Topics
NBA
Marvel
Anime
Harry Potter
Kpop
Disney
Crossword
The Office
Puzzle
WWE
Song
Soccer
Pokémon
NFL
Country
Your Account Isn't Verified!
In order to create a playlist on Sporcle, you need to verify the email address you used during registration. Go to your
Sporcle Settings
to finish the process.
Report this User
Report this user for behavior that violates our
Community Guidelines
.
Details:
Send Report
Go to the Sporcle.com Mobile Site →
Comments